ბათუმის შოთა რუსთაველის სახელმწიფო უნივერსიტეტის ბიბლიოთეკა

Римляне / (ბიბ.ჩანაწერი № 60997)

000 -LEADER
fixed length control field 00731nam a22002057a 4500
005 - DATE AND TIME OF LATEST TRANSACTION
control field 20231205120314.0
008 - FIXED-LENGTH DATA ELEMENTS--GENERAL INFORMATION
fixed length control field 231205s1994 ru ||||| |||| 00| 0 rus d
020 ## - INTERNATIONAL STANDARD BOOK NUMBER
International Standard Book Number 5751900189
041 ## - LANGUAGE CODE
Language code of text/sound track or separate title rus
080 ## - UNIVERSAL DECIMAL CLASSIFICATION NUMBER
Universal Decimal Classification number 94(37) M-25
100 ## - MAIN ENTRY--PERSONAL NAME
Personal name Маркс, Энтони
9 (RLIN) 20582
245 ## - TITLE STATEMENT
Title Римляне /
Statement of responsibility, etc. Энтони Маркс, Грэхэм Тинджей.
264 ## - PRODUCTION, PUBLICATION, DISTRIBUTION, MANUFACTURE, AND COPYRIGHT NOTICE
Place of production, publication, distribution, manufacture Москва :
Name of producer, publisher, distributor, manufacturer Росмэн,
Date of production, publication, distribution, manufacture, or copyright notice 1994.
300 ## - PHYSICAL DESCRIPTION
Extent 96 с.:
Other physical details ил.;
Dimensions 27 см.
440 ## - SERIES STATEMENT/ADDED ENTRY--TITLE
Title Иллюстрированная мировая история
9 (RLIN) 20579
653 ## - INDEX TERM--UNCONTROLLED
keyword რომის იმპერია
653 ## - INDEX TERM--UNCONTROLLED
keyword ისტორია
700 ## - ADDED ENTRY--PERSONAL NAME
Personal name Тинджей, Грэхэм
Relator term ავტორი
9 (RLIN) 20583
942 ## - ADDED ENTRY ELEMENTS (KOHA)
Source of classification or shelving scheme
Koha item type წიგნი
ეგზემპლარები
Withdrawn status Lost status Source of classification or shelving scheme Damaged status Not for loan Permanent Location Current Location Shelving location Date acquired Cost, normal purchase price Full call number Barcode Date last seen Copy number Uniform Resource Identifier Price effective from Koha item type Public note
          ბათუმის შოთა რუსთაველის სახელმწიფო უნივერსიტეტის მთავარი ბიბლიოთეკა ბათუმის შოთა რუსთაველის სახელმწიფო უნივერსიტეტის მთავარი ბიბლიოთეკა წიგნსაცავი 2023-12-05 8.00 94(37) M-25 65509 2023-12-05 65509 ბსუ-ს საპატიო დოქტორის გურამ ლორთქიფანიძის საჩუქარი 2023-12-05 წიგნი 8 ლ.